00940nam a2200265 a 4500001001000000003000500010005001700015008004100032010001100073011001100084020002900095020002900124020002500153020003600178040000900214082002200223100002200245245018900267250001000456260009400466300004100560650002600601650002700627700002000654000114844CHAP20220329144501.0180621s2016 mx a |r| |||0|||spa d a111305 a112277 a978-607-02-8197-6 vol. 2 a978-607-02-8198-3 vol. 3 a9786070281969 vol. 1008978-607-02-8195-2 obra completa cCHAP04a624.151bM37 201600aMarsal, Raúl J. 3aEl subsuelo de la Ciudad de México; :bcon una revisión de los avances en el conocimiento del subsuelo de la Ciudad de México (1959-2016) /cpor J. Raúl Marsal y Marcos Mazari. a3 ed. aMéxico :bUniversidad Nacional Autónoma de México, Facultad de Ingeniería,c2016. av.1 v.2 y v.3 :bfiguras y graficas.14aMecánica de suelos.14aSuelosxMéxico (Cd.)0 aMazari, Marcos.